000 00818nam a2200241 a 4500
005 20140310183602.0
008 120727s19uu xx 00 eng d
020 _a971685658X
050 _aHF 5721
_b.G643 2006
100 _aGonzales, Carolina Talavera
245 _aEnglish for business :
_ba guide to effective business communication /
_cCarolina Talavera Gonzales, Gloria T. Talavera, Sharmy Jade F. Mangilit.
260 _aQuezon City, Philippines :
_bLorimar Pub. Co,
_c2006.
300 _a207 p. :
_bill. ;
_c25 cm.
440 _aLanguage in use
521 _aBSBA
650 _aEnglish langauge
_xBusiness English
650 _aBusiness communication
650 _aBusiness writing
700 _aTalavera, Gloria T.
700 _aMangilit, Sharmy Jade F.
942 _cBK
_2lcc
_kLOC
999 _c25108
_d25108